ბათუმის შოთა რუსთაველის სახელმწიფო უნივერსიტეტის ბიბლიოთეკა

რთული წინადადებების შედგენილობა ძველ ქართულში / (ბიბ.ჩანაწერი № 52490)

000 -ლიდერი
ფიქსირებული სიგრძის საკონტროლო ველი 01040nam a2200229Ia 4500
001 - საკონტროლო ნომერი
საკონტროლო ველი 19513
003 - საკონტროლო ნომრის იდენტიფიკატორი
საკონტროლო ველი GE_BSU
005 - ბოლო ოპერაციის თარიღი და დრო
საკონტროლო ველი 20240118153931.0
008 - ფიქსირებული სიგრძის მონაცემთა ელემენტები - ზოგადი ინფორმაცია
ფიქსირებული სიგრძის საკონტროლო ველი 181216s1969||||ge |||||||||||||| ||geo||
040 ## - კატალოგიზაციის წყარო
Transcribing agency GE_BSU
041 ## - ენის კოდი
Language code of text/sound track or separate title geo
080 ## - უნივერსალური ათობითი კლასიფიკაციის ინდექსი
Universal Decimal Classification number 811.353.1'01'367 კ-49
100 ## - მთავარი ჩანაწერი - პიროვნების სახელი
Personal name კიზირია, ანტონ
9 (RLIN) 7225
245 ## - ცნობა სათაურის შესახებ
Title რთული წინადადებების შედგენილობა ძველ ქართულში /
Statement of responsibility, etc ანტონ კიზირია; ენათმეცნიერების ინ-ტი.
264 ## - წარმოების, გამოცემის, დისტრიბუციის და სხვა ცნობები
გამოცემის, წარმოების, დისტრიბუციის... ადგილი თბილისი :
გამოცემის, წარმოების, დისტრიბუციის... სახელწოდება მეცნიერება,
გამოცემის, წარმოების, დისტრიბუციის... თარიღი 1969.
300 ## - ფიზიკური აღწერა
Extent 159 გვ;
Other physical details 22 სმ.
501 ## - შენიშვნა თანმხლებ მასალაზე
With note შემოკლებათა განმარტება და პირთა საძიებლები: გვ. 154-158.
653 ## - INDEX TERM--UNCONTROLLED
Uncontrolled term რთული წინადადება ძველ ქართულში
653 ## - INDEX TERM--UNCONTROLLED
Uncontrolled term ქართული ენა
942 ## - ADDED ENTRY ELEMENTS (KOHA)
Koha item type წიგნი
Source of classification or shelving scheme
ეგზემპლარები
ჩამოწერის სტატუსი დაკარგული ეგზემპლარის სტატუსი კლასიფიკაციის წყარო ან თაროზე გაწყობის სქემა დაზიანების სტატუსი არ გაიცემა მუდმივი მდებარეობა (დაცვის ადგილი) ამჟამინდელი ადგილსამყოფელი თაროზე განთავსების ადგილი შეძენის თარიღი ღირებულება, შესყიდვის ნორმალური ფასი სრული შენახვის შიფრი შტრიხკოდი ბოლო ოპერაციის თარიღი ეგზემპლარის მიმდევრობითი ნომერი (კეტერი?) ფასის ძალაში შესვლის თარიღი ეგზემპლარის სახეობა საჯარო შენიშვნა
          ბათუმის შოთა რუსთაველის სახელმწიფო უნივერსიტეტის მთავარი ბიბლიოთეკა ბათუმის შოთა რუსთაველის სახელმწიფო უნივერსიტეტის მთავარი ბიბლიოთეკა წიგნსაცავი 2018-12-17 1.54 811.353.1'01'367 კ-49 48632 2018-12-17 48632 2018-12-17 წიგნი 1ლ. 54თ.
          ბათუმის შოთა რუსთაველის სახელმწიფო უნივერსიტეტის მთავარი ბიბლიოთეკა ბათუმის შოთა რუსთაველის სახელმწიფო უნივერსიტეტის მთავარი ბიბლიოთეკა წიგნსაცავი 2018-12-17 1.45 811.353.1'01'367 კ-49 48633 2018-12-17 48633 2018-12-17 წიგნი 1ლ. 54თ.